Tata lectures on theta /
Guardado en:
| Autor Principal: | |
|---|---|
| Autor Corporativo: | |
| Formato: | Libro |
| Idioma: | English |
| Publicado: |
Boston :
Birkhäuser,
1983-1991.
|
| Series: | Progress in mathematics (Boston, Mass.) ;
v. 28, 43, 97. |
| Materias: | |
| Etiquetas: |
Agregar Etiqueta
Sin Etiquetas, Sea el primero en etiquetar este registro!
|
| LEADER | 01680cam a2200373 a 4500 | ||
|---|---|---|---|
| 001 | MAT.inmabb002932 | ||
| 008 | 821105m19831991maua#####b####000#0#eng## | ||
| 005 | 20130304115838.0 | ||
| 245 | 1 | 0 | |a Tata lectures on theta / |c David Mumford ; with the collaboration of C. Musili ... [et al.]. |
| 260 | |a Boston : |b Birkhäuser, |c 1983-1991. | ||
| 300 | |a 3 v. : |b il. ; |c 25 cm. | ||
| 490 | 1 | |a Progress in mathematics ; |v v. 28, 43, 97 | |
| 500 | |a "Contains ... lectures given at the Tata Institute of Fundamental Research in the period October 1978 to March 1979"--V. 1, p. ix. | ||
| 504 | |a Incluye referencias bibliográficas. | ||
| 505 | 0 | |a v. 1. Introduction and motivation : theta functions in one variable ; Basic results on theta functions in several variables -- v. 2. Jacobian theta functions and differential equations -- v. 3. [sin título especial] / with Madhav Nori and Peter Norman. | |
| 510 | 4 | |a MR, |c 85h:14026 |3 (v. 1) | |
| 510 | 4 | |a MR, |c 86b:14017 |3 (v. 2) | |
| 510 | 4 | |a MR, |c 93d:14065 |3 (v. 3) | |
| 020 | |a 0817631097 (v. 1) | ||
| 020 | |a 3764331097 (v. 1 : Suiza) | ||
| 020 | |a 0817631100 (v. 2) | ||
| 020 | |a 3764331100 (v. 2 : Suiza) | ||
| 020 | |a 0817634401 (v. 3) | ||
| 020 | |a 3764334401 (v. 3 : Suiza) | ||
| 100 | 1 | |a Mumford, David, |d 1937- | |
| 710 | 2 | |a Tata Institute of Fundamental Research. | |
| 830 | 0 | |a Progress in mathematics (Boston, Mass.) ; |v v. 28, 43, 97. | |
| 650 | 0 | |a Functions, Theta. | |
| 084 | |a 14K25 |2 MR | ||
| 010 | |a 82022619 | ||
| 040 | |a DLC |c DLC |d DLC | ||
| 859 | |h 14 |i M962t |p A-6799 |v 1 |3 Vol. 1 |b BIB. MATEMATICA | ||
| 859 | |h 14 |i M962t |p A-6775 |v 2 |3 Vol. 2 |b BIB. MATEMATICA | ||
| 859 | |h 14 |i M962t |p A-6776 |v 3 |3 Vol. 3 |b BIB. MATEMATICA | ||
